V záložnom práve sa schyľuje k revolúcii
Vláda SR schválila reformu záložného práva. Reforma záložného práva rozširuje jeho možnosti na viacero druhov majetku. Novela Občianskeho zákonníka rozširuje záložné právo na viaceré druhy majetku. Novela obsahuje aj paragrafy, ako realizovať záložné právo v prípade, ak dlžník nedokáže splácať úver....
Saved in:
| Main Author: | |
|---|---|
| Format: | Book Chapter |
| Language: | Slovak |
| Subjects: | |
| Tags: |
No Tags, Be the first to tag this record!
|
MARC
| LEADER | 00000naa a2200000 4500 | ||
|---|---|---|---|
| 001 | r044974 | ||
| 005 | 20230921113117.1 | ||
| 041 | 0 | |a slo | |
| 044 | |a SK | ||
| 245 | 1 | 0 | |a V záložnom práve sa schyľuje k revolúcii |c Rado Baťo |
| 520 | |a Vláda SR schválila reformu záložného práva. Reforma záložného práva rozširuje jeho možnosti na viacero druhov majetku. Novela Občianskeho zákonníka rozširuje záložné právo na viaceré druhy majetku. Novela obsahuje aj paragrafy, ako realizovať záložné právo v prípade, ak dlžník nedokáže splácať úver. Vznik elektronického registra záložného práva. | ||
| 610 | 2 | 0 | |a právo záložné |
| 610 | 2 | 0 | |a reformy |
| 610 | 2 | 0 | |a majetok |
| 610 | 2 | 0 | |a banky |
| 610 | 2 | 0 | |a úver |
| 610 | 2 | 0 | |a dlžníci |
| 610 | 2 | 0 | |a zákonník občiansky |
| 610 | 2 | 0 | |a veritelia |
| 610 | 2 | 0 | |a registre |
| 100 | 1 | |a Baťo, Rado | |